LEC Rookie - Statistiques

Statistiques générales
  • Ce quiz a été pris 55 fois
  • Le résultat moyen est 6 sur 19
Statistiques - réponses
Team Réponse % Correct
G2 Yike
90%
GiantX Jackies
87%
MAD Lions Elyoya
72%
Fnatic Adam
56%
G2 Perkz
54%
Misfits Razork
54%
Fnatic Bwipo
36%
Rogue Inspired
31%
Fnatic Huni
23%
Vitality Labrov
23%
Vitality Jiizuke
21%
Misfits Shlatan
21%
Astralis JeongHoon
18%
SK Gaming Selfmade
15%
Origen Niels/Zven
13%
Unicorns Of Love Xerxe
8%
Giants NighT
5%
Copenhagen Wolves Woolite
5%
Team Roccat Pridestalker
3%
Aucun quiz correspondant
Distribution des résultats
% des personnes avec chaque résultat
Percentile par nombre de réponses
Votre historique - résultats
Vous n’avez pas pris ce quiz